Sketching : Drawing Techniques for Product Designers /

Contiene: 1) Bocetos en vista lateral; 2) Dibujo en perspectiva; 3) Simplificación de formas; 4) Formas geométricas elementales; 5) Atención especial a las elipses; 6) Redondeo; 7) Secciones transversales; 8) Ideación; 9) Dibujos explicativos; 10) Superficies y texturas; 11) Emisión de luz; 12) Cont...

Volledige beschrijving

Bewaard in:
Bibliografische gegevens
Hoofdauteur: Eissen, Koos (autor)
Andere auteurs: Steur, Roselien (autor) (autor)
Formaat: Boek
Taal:Engels
Gepubliceerd in: Amsterdam, Holanda : BIS Publishers, 2021, c2007
Editie:Edición rústica
Onderwerpen:
Tags: Voeg label toe
Geen labels, Wees de eerste die dit record labelt!

MARC

LEADER 00000nam^a2200000^a^4500
001 000595005
005 20250826000000.0
009 20260310133037.945
020 |a 978-90-6369-533-0 
037 |a Acervo ITESO - Biblioteca 
041 |a ING 
082 |a 745. 202  |b EIS 
100 |a Eissen, Koos  |e (autor) 
240 1 1 |a [Sketching: Drawing Techniques for Product Designers] 
245 1 0 |a Sketching :  |b Drawing Techniques for Product Designers /  |c K. Eissen, R. Steur. 
250 |a Edición rústica 
264 4 |a Amsterdam, Holanda :  |b BIS Publishers,  |c 2021, c2007 
300 |a 255 p. 
336 |a texto  |b txt  |2 rdacontenido 
337 |a sin mediación  |b n  |2 rdamedio 
338 |a volumen  |b nc  |2 rdasoporte 
520 |a Contiene: 1) Bocetos en vista lateral; 2) Dibujo en perspectiva; 3) Simplificación de formas; 4) Formas geométricas elementales; 5) Atención especial a las elipses; 6) Redondeo; 7) Secciones transversales; 8) Ideación; 9) Dibujos explicativos; 10) Superficies y texturas; 11) Emisión de luz; 12) Contexto. 
521 |a 2025 BO Licenciatura en Diseño 
649 |a XX 
650 |a Ilustración (Diseño) -  |x Tema Principal 
650 |a Dibujo Técnico -  |x Técnica 
650 |a Dibujo Técnico -  |x Materiales y Equipo 
650 |a Dibujo Técnico -  |x Tema Principal 
650 |a Diseño Asistido por Computadora 
650 |a Diseño Industrial -  |x Técnica 
650 |a Diseño Industrial -  |x Materiales y Equipo 
650 |a Diseño Industrial -  |x Tema Principal 
650 |a Comunicación Visual 
700 |a Steur, Roselien  |e (autor) 
910 |a Fondo General 
920 |a Impresos - Libros 
930 |a Reserva Especial 
905 |a 103 
901 |a 595415-10  |b IT1  |c ACC  |i C189341  |u 20250826 
902 |a https://opac.biblio.iteso.mx/vufind/Record/000595005